25 rokov Štátneho okresného archívu v Trnave

Zobrazenie: Pohľad na raziacu časť strieborného typária mesta Trnavy.

Bibliographic Details
Format: Photo
Language:Slovak
PhysicalDescription:1 pohľadnica čiernobiela 10 x 15 cm
Published: [Slovensko?] [vydavateľ neznámy] [1987?]
Subjects:

MARC

LEADER 00000nkm a2200000 a 4500
001 vtls011765592
003 SK-MaSNL
005 20260302021455.0
007 kf bo
008 230718q1987 xo g kuslo
015 |a SNBG1987 
035 |a urn:nbn:sk:snk-km00dnse 
035 |a urn:nbn:sk:snk-km3lzhb 
035 |a 31886B67-CA3D-440F-A7CA-6A554B242A1B 
040 |a SNK  |b slo  |c SNK  |e AACR2 
041 0 |a slo 
043 |a e-xo--- 
044 |a xo  |c SK 
072 7 |a 73  |x Sochárstvo, keramika, porcelán, umelecké spracovanie kovov  |2 konspekt 
080 |a (437.6)  |2 2011 
080 |a (084.121)  |2 2011 
080 |a 736.3  |2 2011 
245 0 0 |a 25 rokov Štátneho okresného archívu v Trnave  |h grafika 
246 3 3 |a Strieborné typárium mesta Trnavy 
260 |a [Slovensko?]  |b [vydavateľ neznámy]  |c [1987?] 
300 |a 1 pohľadnica  |b čiernobiela  |c 10 x 15 cm 
500 |a Názov na obrazovej časti pohľadnice: "Strieborné typárium mesta Trnavy" 
500 |a Rok vydania dokumentu určený podľa prírastkového čísla 
520 8 |a Zobrazenie: Pohľad na raziacu časť strieborného typária mesta Trnavy. 
650 0 7 |a razidlá  |2 SNKPH  |9 107534 
651 7 |a Trnava (Slovensko)  |2 SNKPHgeo  |9 19407 
655 7 |a príležitostné pohľadnice  |2 SNKPH  |9 70549 
852 |a Slovenská národná knižnica 
954 |a pohľadnice pôvodné (slovenské)  |2 lita 
958 |a GBN 
958 |a GC 
958 |a OND 
958 |a EUIPO 
999 |c 1029021  |d 1030951 
952 |a SNK  |b SNK  |y PREZ  |7 0  |p 17A1278352  |o snkSP 137749  |0 0  |1 0  |4 0  |d 2018-07-06  |f 1  |l 0  |r 2026-02-24 13:49:08  |w 2026-02-24